00368nam a2200133Ia 4500008004100000041001200041082001600053100001700069245007900086260002700165300000800192650001900200700001500219221030s9999 xx 000 0 und d aEnglish a105.23bVal aC. G. Valles 0aCollege Algebra including Elementary Calculuscby C. G. Valles, K. N. Shah bCharotar PubaAnandc0 a311 aBE Mathematics aK. N. Shah